[Event "10th American Continental (w)"]
[Site "Envigado COL"]
[Date "2018.11.24"]
[Round "9.7"]
[White "Castrillon Gomez, Melissa"]
[Black "Roca Rojas, Ana Flavia"]
[Result "1/2-1/2"]
[WhiteElo "2301"]
[BlackElo "2132"]
[EventDate "2018.11.17"]
[PlyCount "83"]

1.Nf3 Nf6 2.d4 e6 3.g3 b5 4.Bg2 Bb7 5.O-O Be7 6.Nbd2 O-O 7.c4 bxc4 8.Nxc4 
d5 9.Nfe5 c6 10.Nd2 c5 11.b3 Nbd7 12.Bb2 Qb6 13.Nxd7 Nxd7 14.e4 c4 15.bxc4
dxe4 16.Rb1 Qc7 17.Qe2 f5 18.f3 Nf6 19.fxe4 Nxe4 20.Nxe4 fxe4 21.Qg4 Bf6 
22.Qxe6+ Kh8 23.c5 Rae8 24.Qc4 Qd7 25.Rbe1 Bd5 26.Qc3 Qc6 27.Bc1 Bxa2 28.
Be3 Bd5 29.Ra1 Rf7 30.Rfb1 Ref8 31.Qa5 h5 32.Qa6 Qc7 33.Qd6 Qxd6 34.cxd6 
Rd7 35.Rb5 Rxd6 36.Rxa7 g6 37.h4 Re8 38.Kh2 Bg8 39.Rb4 Bd5 40.Bf4 Rde6 41.
Be3 Rd6 42.Bf4 1/2-1/2

[Event "10th American Continental (w)"]
[Site "Envigado COL"]
[Date "2018.11.24"]
[Round "9.8"]
[White "Cosme Contreras, Trilce"]
[Black "Miranda Rodriguez, Tania"]
[Result "1-0"]
[WhiteElo "1829"]
[BlackElo "2246"]
[EventDate "2018.11.17"]
[PlyCount "73"]

1.c4 e5 2.Nc3 d6 3.g3 g6 4.Bg2 Bg7 5.d3 c6 6.e4 a6 7.Nge2 Bg4 8.h3 Be6 9.
O-O Ne7 10.f4 Nd7 11.Rb1 f5 12.Be3 O-O 13.Qd2 Kh8 14.b3 b5 15.d4 bxc4 16.
bxc4 exf4 17.Bxf4 Nb6 18.d5 Nxc4 19.Qd3 Ne5 20.Bxe5 dxe5 21.Qd1 Bd7 22.
exf5 gxf5 23.dxc6 Bxc6 24.Qxd8 Raxd8 25.Bxc6 Nxc6 26.Rb6 Nb8 27.Rfb1 e4 
28.Kf1 Be5 29.Re6 Rfe8 30.Rbb6 Kg8 31.Rxe8+ Rxe8 32.Nd5 Kh8 33.Nb4 Rg8 34.
Kf2 Rg6 35.Rb7 a5 36.Nd5 Nc6 37.Rf7 1-0

[Event "10th American Continental (w)"]
[Site "Envigado COL"]
[Date "2018.11.24"]
[Round "9.9"]
[White "Ocampo, Cristina"]
[Black "Cervantes Landeiro, Thalia"]
[Result "0-1"]
[WhiteElo "1771"]
[BlackElo "2098"]
[EventDate "2018.11.17"]
[PlyCount "70"]

1.e4 c5 2.Nf3 d6 3.d4 cxd4 4.Nxd4 Nf6 5.f3 e5 6.Bb5+ Nbd7 7.Nf5 a6 8.Bxd7+
Qxd7 9.Bg5 Qd8 10.Ne3 Be7 11.Bxf6 Bxf6 12.Nc3 O-O 13.Ned5 Bg5 14.O-O b5 
15.Qd3 b4 16.Ne2 a5 17.c4 bxc3 18.Qxc3 Ba6 19.Rfe1 Rc8 20.Qb3 Bc4 21.Qd1 
Bxd5 22.Qxd5 Rc2 23.Qb3 Qc7 24.Rab1 Rb8 25.Qa4 Bd2 26.Nc3 Rxc3 27.bxc3 
Bxe1 28.Rxe1 Qxc3 29.Rd1 Qc5+ 30.Kh1 g6 31.h3 Rb2 32.Qe8+ Kg7 33.Qd7 Rxg2 
34.Kxg2 Qc2+ 35.Kg3 Qxd1 0-1

[Event "10th American Continental (w)"]
[Site "Envigado COL"]
[Date "2018.11.24"]
[Round "9.10"]
[White "Gonzalez Ochoa, Yoana"]
[Black "Cordero Loup, Ely Daniela"]
[Result "1-0"]
[WhiteElo "2058"]
[BlackElo "2085"]
[EventDate "2018.11.17"]
[PlyCount "69"]

1.e4 e6 2.d4 d5 3.Bd3 Nf6 4.e5 Nfd7 5.Ne2 c5 6.c3 Nc6 7.Nd2 g6 8.O-O Bg7 
9.f4 O-O 10.Nf3 f6 11.Be3 b6 12.g4 a5 13.Rf2 Ba6 14.Bxa6 Rxa6 15.Ng3 Ra7 
16.Qf1 Rc7 17.Qh3 Qe8 18.Re1 f5 19.gxf5 exf5 20.dxc5 Nxc5 21.Bxc5 bxc5 22.
Rd2 Rd7 23.Red1 Qa8 24.Ng5 h6 25.Ne6 Rb8 26.Qg2 Ne7 27.Nh5 Bh8 28.Nf6+ 
Bxf6 29.exf6 Qc6 30.Re1 Kf7 31.fxe7 Rxe7 32.Rde2 Kf6 33.Qh3 Rbe8 34.Qh4+ 
g5 35.Qxh6+ 1-0

[Event "10th American Continental (w)"]
[Site "Envigado COL"]
[Date "2018.11.24"]
[Round "9.11"]
[White "Munoz Monroy, Cinthya Carolina"]
[Black "Chirivi Castiblanco, Jenny Astrid"]
[Result "1-0"]
[WhiteElo "2032"]
[BlackElo "2118"]
[EventDate "2018.11.17"]
[PlyCount "123"]

1.e4 c5 2.Nf3 e6 3.c3 Nf6 4.e5 Nd5 5.d4 cxd4 6.cxd4 d6 7.Bc4 Be7 8.O-O O-O
9.Qe2 b6 10.Rd1 Bb7 11.Nbd2 Nf4 12.Qe3 Ng6 13.Nf1 dxe5 14.Nxe5 Nxe5 15.
Qxe5 Nc6 16.Qh5 Nxd4 17.Be3 Bf6 18.Qg4 e5 19.Rac1 Qe7 20.Ng3 Rad8 21.Bd3 
Bc8 22.Qe4 g6 23.Bc4 Qb7 24.f4 Qxe4 25.Nxe4 Bg7 26.fxe5 Bxe5 27.Bg5 Kg7 
28.Bxd8 Rxd8 29.Nc3 Bf4 30.Rb1 Bf5 31.Bd3 Bg4 32.Rf1 g5 33.Rbe1 Be6 34.g3 
Bd6 35.Ne4 Be7 36.Rc1 Rd7 37.Bc4 Bxc4 38.Rxc4 f5 39.Nc3 b5 40.Rc8 g4 41.
Kg2 b4 42.Rd1 Rd6 43.Rc7 Kf6 44.Na4 a5 45.Nc5 h5 46.Re1 Bd8 47.Rd7 Rxd7 
48.Nxd7+ Kg5 49.Rd1 Nf3 50.Rd6 h4 51.Nf8 h3+ 52.Kh1 Be7 53.Nh7+ Kh5 54.Ra6
Nd4 55.Nf6+ Bxf6 56.Rxf6 Kg5 57.Ra6 f4 58.Rxa5+ Nf5 59.gxf4+ Kxf4 60.Ra4 
Ne3 61.Rxb4+ Kf3 62.Rb3 1-0

[Event "10th American Continental (w)"]
[Site "Envigado COL"]
[Date "2018.11.24"]
[Round "9.12"]
[White "Gomez Guardo, Laura Meli"]
[Black "Toro Castaneda, Elizabeth"]
[Result "0-1"]
[WhiteElo "1842"]
[BlackElo "1932"]
[EventDate "2018.11.17"]
[PlyCount "38"]

1.d4 Nf6 2.c4 g6 3.Nc3 Bg7 4.e4 d6 5.h3 O-O 6.Nf3 Na6 7.Bd3 c5 8.d5 Nc7 9.
Be3 e6 10.O-O exd5 11.exd5 b5 12.cxb5 Ncxd5 13.Bg5 Bb7 14.Qd2 Nc7 15.Rad1 
Bxf3 16.gxf3 d5 17.Bc2 d4 18.Ne4 Ne6 19.Bh4 Nxe4 0-1

[Event "10th American Continental (w)"]
[Site "Envigado COL"]
[Date "2018.11.24"]
[Round "9.13"]
[White "Hoyos Garces, Rosana"]
[Black "Prado Serrano, Alexandra Naira"]
[Result "0-1"]
[WhiteElo "1586"]
[BlackElo "1873"]
[EventDate "2018.11.17"]
[PlyCount "82"]

1.Nf3 Nf6 2.d4 g6 3.c4 Bg7 4.Nc3 O-O 5.e4 d6 6.Be2 e5 7.O-O Nc6 8.d5 Ne7 
9.Ne1 Nd7 10.Nd3 f5 11.f3 f4 12.b4 Nf6 13.c5 Rf7 14.Ba3 g5 15.Nf2 h5 16.h3
Bf8 17.Rb1 Rg7 18.Rb3 Ng6 19.Na4 Nh4 20.b5 Qe8 21.Kh1 Rh7 22.Kg1 Qg6 23.
cxd6 cxd6 24.b6 g4 25.fxg4 hxg4 26.Bxg4 Rg7 27.Re1 Nxg4 28.Nxg4 Bxg4 29.
Qxg4 Qxg4 30.hxg4 Rxg4 31.Re2 f3 32.Rf2 Rxe4 33.Nc3 Rg4 34.bxa7 Rxa7 35.
Nb5 Raa4 36.Kf1 fxg2+ 37.Kg1 Rae4 38.Rb1 Rg6 39.Nc7 Re3 40.Ne6 Be7 41.Bb4 
Rh3 0-1

[Event "10th American Continental (w)"]
[Site "Envigado COL"]
[Date "2018.11.24"]
[Round "9.14"]
[White "Barria Baker, Raisa Melissa"]
[Black "Caballero Marrugo, Maria Jose"]
[Result "1-0"]
[WhiteElo "1941"]
[BlackElo "1338"]
[EventDate "2018.11.17"]
[PlyCount "73"]

1.d4 Nf6 2.Nf3 d5 3.Bf4 c5 4.e3 e6 5.Be2 Be7 6.h3 Nc6 7.c3 Bd7 8.O-O O-O 
9.Nbd2 a6 10.a4 c4 11.Qc2 h6 12.e4 b5 13.Ne5 Nxe5 14.dxe5 Nh7 15.Rfd1 Bc6 
16.Be3 Qc7 17.f4 Bb7 18.Bf3 Rfd8 19.Bd4 Bc5 20.exd5 exd5 21.Nf1 Nf8 22.Ne3
Ne6 23.f5 Ng5 24.Kh1 Bxd4 25.cxd4 Qb6 26.Qf2 Kf8 27.Qh4 Rac8 28.f6 Qe6 29.
Bg4 Qc6 30.Bxc8 Bxc8 31.Rf1 Kg8 32.fxg7 Kxg7 33.Rf6 Ne6 34.Qxh6+ Kg8 35.
Nf5 Qb7 36.Rf1 bxa4 37.Rf3 1-0

[Event "10th American Continental (w)"]
[Site "Envigado COL"]
[Date "2018.11.24"]
[Round "9.15"]
[White "Zapata, Olga Maria"]
[Black "Moncada Correa, Sara"]
[Result "0-1"]
[WhiteElo "1695"]
[BlackElo "1792"]
[EventDate "2018.11.17"]
[PlyCount "182"]

1.d4 d5 2.c4 dxc4 3.e3 Nf6 4.Bxc4 e6 5.Nf3 c5 6.O-O a6 7.Nc3 b5 8.Be2 Nc6 
9.dxc5 Qc7 10.Nd4 Bb7 11.Nxc6 Qxc6 12.Bf3 Nd5 13.b4 a5 14.bxa5 Bxc5 15.Bb2
O-O 16.Rc1 f5 17.Qb3 b4 18.Nxd5 exd5 19.Rfd1 Rfd8 20.Rd2 Rxa5 21.Rdc2 Qd6 
22.Rd2 Kh8 23.Rcd1 Ba7 24.g3 Bc6 25.Qd3 Qe6 26.Rc1 Bb6 27.Bd4 Ra3 28.Qb1 
Bxd4 29.Rxd4 Rda8 30.Qxb4 Rxa2 31.Qc3 R2a6 32.Qc5 Ra1 33.Rxa1 Rxa1+ 34.Kg2
h6 35.Bxd5 Bxd5+ 36.Qxd5 Qg6 37.Rf4 Qa6 38.Rc4 Re1 39.Qc5 Qb7+ 40.Qc6 Qb1 
41.Qg6 Rg1+ 42.Kf3 Qb7+ 43.Qc6 Qf7 44.Rc5 Qh5+ 45.Kf4 Qg5+ 46.Ke5 Qe7+ 47.
Kf4 Qg5+ 48.Ke5 Qe7+ 49.Kxf5 Rf1 50.f4 Qxe3 51.Re5 Qd3+ 52.Kg4 Rf2 53.h4 
Qd1+ 54.Kf5 Qh5+ 55.Ke6 Qg6+ 56.Kd7 Rd2+ 57.Rd5 Qf7+ 58.Kd6 Qg6+ 59.Kd7 
Qf5+ 60.Kd6 Qg6+ 61.Kd7 Rxd5+ 62.Qxd5 Qxg3 63.Qa8+ Kh7 64.Qe4+ Qg6 65.f5 
Qf7+ 66.Kd6 Qf6+ 67.Kd5 h5 68.Qf4 Qf7+ 69.Ke4 Qb7+ 70.Ke3 Kg8 71.Qg5 Qb6+ 
72.Ke4 Qc6+ 73.Kd3 Qf3+ 74.Kd2 Kh7 75.Kc2 Qe2+ 76.Kc1 Kg8 77.Qd8+ Kf7 78.
Qd5+ Kf6 79.Qd4+ Qe5 80.Qd8+ Kxf5 81.Qg5+ Ke4 82.Qg2+ Kf4 83.Qh2+ Kf5 84.
Qh3+ Ke4 85.Qg2+ Kd3 86.Qc2+ Ke3 87.Qd2+ Kf3 88.Qd1+ Kg2 89.Qd2+ Kh3 90.
Qd7+ Kxh4 91.Qd8+ Qg5+ 0-1